| Tag |
First Indicator |
Second Indicator |
Subfields |
| LEADER |
00000cam a2200000 a 4500 |
| 001 |
in00002139653 |
| 006 |
m e d # |
| 007 |
cr mn mmmmabba |
| 008 |
820601s1774 nyu s 000 0 eng d |
| 005 |
20260331164010.7 |
| 035 |
|
|
|z w013432
|
| 035 |
|
|
|a MAAR8206013609B
|
| 035 |
|
|
|9 mwa91-49948
|
| 035 |
|
|
|a 320854
|
| 035 |
|
|
|a aas03013432
|
| 040 |
|
|
|a MWA
|c MWA
|e bdrb
|d UtOrBLW
|
| 245 |
0 |
2 |
|a A Letter from a Virginian, to the members of the Congress to be held at Philadelphia, on the first of September, 1774.
|
| 264 |
|
3 |
|a [New York?] :
|b Printed [by Hugh Gaine?],
|c In the year 1774.
|
| 300 |
|
|
|a 2 unnumbered pages, 29 pages, 1 unnumbered page ;
|c 20 cm. (quarto)
|
| 336 |
|
|
|a text
|b txt
|2 rdacontent
|
| 337 |
|
|
|a computer
|b c
|2 rdamedia
|
| 338 |
|
|
|a online resource
|b cr
|2 rdacarrier
|
| 500 |
|
|
|a Half-title: A letter from a Virginian, &c.
|
| 500 |
|
|
|a Sometimes attributed to Jonathan Boucher; cf. Adams.
|
| 500 |
|
|
|a Ascribed to the press of Hugh Gaine of New York by Adams. Ascribed to the press of Henry Miller of Philadelphia by Hildeburn.
|
| 510 |
4 |
|
|a Evans
|c 13167
|
| 510 |
4 |
|
|a Hildeburn, C.R. Pennsylvania,
|c 3045
|
| 510 |
4 |
|
|a Adams, T.R. Amer. pamphlets,
|c 127a
|
| 510 |
4 |
|
|a Adams, T.R. Brit. pamphlets,
|c 74-48a
|
| 530 |
|
|
|a Microform version available in the Readex Early American Imprints series.
|
| 533 |
|
|
|a Electronic text and image data.
|b [Chester, Vt. :
|c Readex, a division of Newsbank, Inc.,
|d 2002-2004.
|e Includes files in TIFF, GIF and PDF formats with inclusion of keyword searchable text.
|f (Early American imprints. First series ; no. 13167).
|
| 500 |
|
|
|a Electronic resource.
|
| 610 |
1 |
0 |
|a United States.
|b Continental Congress.
|
| 651 |
|
0 |
|a United States
|x History
|y Revolution, 1775-1783
|x Causes.
|
| 700 |
1 |
|
|a Boucher, Jonathan,
|d 1738-1804.
|
| 752 |
|
|
|a United States
|b New York
|d New York.
|
| 752 |
|
|
|a United States
|b Pennsylvania
|d Philadelphia.
|
| 830 |
|
0 |
|a Early American imprints.
|n Series I,
|p Evans (1639-1800) ;
|v no. 13167.
|
| 856 |
4 |
1 |
|u http://proxy.library.tamu.edu/login?url=https://opac.newsbank.com/select/evans/13167
|y Evans Digital Edition
|t 0
|
| 999 |
|
|
|a MARS
|
| 999 |
f |
f |
|s 147c96c6-88ce-3f8a-a028-42f9ffe873a7
|i beeb457a-629e-36b9-91d0-77185cdce5e9
|t 0
|
| 952 |
f |
f |
|a Texas A&M University
|b College Station
|c Electronic Resources
|s www_evans
|d Available Online
|t 0
|h No information provided
|
| 998 |
f |
f |
|t 0
|l Available Online
|